000 01319nam a2200361 4500
005 20220317001835.0
008 170410s2010 c g 000 0 s
041 _aENG
082 0 4 _a791.436543
_bD32
245 0 0 _a10 películas románticas
_hvideodisco digital
250 _a1a. edición
300 _a6 DVD
_bsonido, en blanco y negro
_c12 cm
490 _aCine club películas para coleccionistas
546 _aPelículas en inglés con subtítulos en español
650 1 4 _2LEMB
_aAmor
_vVideodiscos
650 1 4 _2LEMB
_aPelículas cinematográficas
_vColecciones
_xVideodiscos
_ySiglo XX
650 1 4 _2LEMB
_aAmor en el cine
_vVideodiscos
_ySiglo XX
700 1 _aHawks, Howard
_d1896-1977
_977790
700 1 _aCapra, Frank
_d1897-1991
_972710
700 1 _aWood, Sam
_d1883-1949
_977791
700 1 _aWhale, James
_d1896-1957
_972713
700 1 _aSturges, Preston
_d1898-1959
_977792
700 1 _aClair, Rene
_d1898-1981
_977793
700 1 _aFord, John
_d1894-1973
_971651
700 1 _aLubitsch, Ernst
_d1892-1947
_977794
700 1 _aNegulesco, Jean
_d1900-1993
_977795
942 _2ddc
_cDVD
264 _aBogotá
_bFonolibros de Colombia
_c2010
336 _atexto
_btxt
_2rdacontent
337 _asin mediación
_bn
_2rdamedia
338 _avolumen
_bnc
_2rdacarrier
040 _aCO-BoRNBP
_bspa
_erda
_cCO-BoRNBP
999 _c8271
_d8271